| 000 | 00461nam a2200157 4500 | ||
|---|---|---|---|
| 001 | 148688 | ||
| 003 | ES-MaACL | ||
| 007 | t| | ||
| 008 | 070214s1937 sp r ||||1| spa d | ||
| 100 | 1 |
_aSuárez Peregrín, Eduardo. _9108647 |
|
| 245 | 1 | 0 |
_aManual técnico de análisis clínicos / _cEduardo Suárez Peregrín. |
| 250 | _a3ª. ed. corr. y aum. | ||
| 260 |
_aGranada : _bUrania, _c1937. |
||
| 300 |
_a703 p. ; _c22 cm. |
||
| 852 |
_aES-MaACL _jE-405 _bR.22011 |
||
| 999 |
_c148688 _d148688 |
||